| 000 | 00817nac a22002651i 4500 | ||
|---|---|---|---|
| 003 | EG-ScBUE | ||
| 005 | 20230807132209.0 | ||
| 008 | 230807t2003 enka f e 001 0 eng d | ||
| 020 | _a0751367982 | ||
| 020 | _a9780751367980 | ||
| 040 |
_aEG-ScBUE _beng _erda _cEG-ScBUE _dEG-ScBUE |
||
| 082 | 0 | 4 |
_a909.83 _222 _bENC |
| 245 | 0 | 0 | _aEncyclopedia of people. |
| 264 | 1 |
_aLondon : _bDorling Kindersley, _c[2003] |
|
| 264 | 4 | _cc2003 | |
| 300 |
_a304 pages : _bcolor illustrations ; _c28 cm |
||
| 336 |
_2rdacontent _atext _btxt |
||
| 337 |
_2rdamedia _aunmediated _bn |
||
| 338 |
_2rdacarrier _avolume _bnc |
||
| 500 | _aIncludes index. | ||
| 650 | 7 |
_aCivilization, Modern _y21st century _vJuvenile literature. _2BUEsh |
|
| 650 | 7 |
_aHuman geography _vJuvenile literature. _2BUEsh |
|
| 655 | _vReading book | ||
| 942 |
_cNB _2ddc |
||
| 999 |
_c2747 _d2747 |
||